Fundamentals of chemical engineering thermodynamics (Record no. 30280)

MARC details
000 -LEADER
fixed length control field 00504nam a2200181Ia 4500
020 ## - INTERNATIONAL STANDARD BOOK NUMBER
ISBN 9781111580711
050 ## - CALL MARK
Classification number TP 155.2 .T45 D34/
100 ## - STATEMENT OF RESPONSIBILITY--MAIN AUTHOR NAME
Personal name Dahm, Kevin D.
245 #0 - TITLE STATEMENT
Title Fundamentals of chemical engineering thermodynamics
260 ## - PUBLICATION, DISTRIBUTION, ETC. (IMPRINT)
Place of publication United State
260 ## - PUBLICATION, DISTRIBUTION, ETC. (IMPRINT)
Name of publisher Timothy Anderson
260 ## - PUBLICATION, DISTRIBUTION, ETC. (IMPRINT)
Year of publication 2015
300 ## - PHYSICAL DESCRIPTION
Number of Pages 763 p
650 ## - SUBJECT ADDED ENTRY--TOPICAL TERM
Topical Term Thermodynamics--Textbooks. Chemical engineering--Textbooks.
942 ## - ADDED ENTRY ELEMENTS (KOHA)
Koha item type Books
Holdings
Withdrawn status Lost status Source of classification or shelving scheme Damaged status Not for loan Permanent Location Current Location Shelving location Date acquired Accession Number Price effective from Koha item type
    Library of Congress Classification     NILE UNIVERSITY OF NIGERIA - MAIN LIBRARY NILE UNIVERSITY OF NIGERIA - MAIN LIBRARY Items on shelf 04/23/2025 0185350 04/23/2025 Books